[Event "Stay Safe Play From Home 248"]
[Site "Emanuel Lasker Arena"]
[Date "2020.06.23"]
[Round "3"]
[White "Grazie"]
[Black "Haxhi Baha"]
[Result "1-0"]
[WhiteElo "1811"]
[BlackElo "1969"]
[PlyCount "79"]
[EventDate "2020.06.23"]
[EventType "swiss (blitz)"]

1. d4 {[%emt 0:00:01]} d5 {[%emt 0:00:01]} 2. c3 {[%emt 0:00:00]} e6 {[%emt 0:00:01]} 3. g3 {[%emt 0:00:00]} c5 {[%emt 0:00:00]} 4. Bg2 {[%emt 0:00:00]} Nc6 {[%emt 0:00:00]} 5. Nf3 {[%emt 0:00:01]} cxd4 {[%emt 0:00:00]} 6. cxd4 {[%emt 0:00:00]} Be7 {[%emt 0:00:03]} 7. O-O {[%emt 0:00:01]} h5 {[%emt 0:00:01]} 8. a3 {[%emt 0:00:01]} h4 {[%emt 0:00:02]} 9. e3 {[%emt 0:00:01]} hxg3 {[%emt 0:00:01]} 10. hxg3 {[%emt 0:00:00]} Nf6 {[%emt 0:00:01]} 11. Nbd2 {[%emt 0:00:01]} b6 {[%emt 0:00:02]} 12. Re1 {[%emt 0:00:01]} Bb7 {[%emt 0:00:01]} 13. b4 {[%emt 0:00:01]} Qd6 {[%emt 0:00:04]} 14. Bb2 {[%emt 0:00:01]} Ne4 {[%emt 0:00:01]} 15. Nxe4 {[%emt 0:00:02]} dxe4 {[%emt 0:00:00]} 16. Nd2 {[%emt 0:00:01]} f5 {[%emt 0:00:00]} 17. Rc1 {[%emt 0:00:01]} a6 {[%emt 0:00:02]} 18. Qb3 {[%emt 0:00:03]} O-O-O {[%emt 0:00:02]} 19. b5 {[%emt 0:00:02]} axb5 {[%emt 0:00:00]} 20. Qxb5 {[%emt 0:00:01]} Qc7 {[%emt 0:00:02]} 21. Qb3 {[%emt 0:00:02]} Rd5 {[%emt 0:00:03]} 22. Nc4 {[%emt 0:00:01]} b5 {[%emt 0:00:04]} 23. Ne5 {[%emt 0:00:04]} Kb8 {[%emt 0:00:01]} 24. Nxc6+ {[%emt 0:00:01]} Bxc6 {[%emt 0:00:00]} 25. Rc2 {[%emt 0:00:02]} Qb7 {[%emt 0:00:07]} 26. Rec1 {[%emt 0:00:01]} Rc8 {[%emt 0:00:01]} 27. Bc3 {[%emt 0:00:02]} Rd7 {[%emt 0:00:03]} 28. Bb4 {[%emt 0:00:01]} Bd5 {[%emt 0:00:01]} 29. Rxc8+ {[%emt 0:00:04]} Ka7 {[%emt 0:00:04]} 30. Qb2 {[%emt 0:00:02]} Bf6 {[%emt 0:00:03]} 31. R8c5 {[%emt 0:00:05]} Bc4 {[%emt 0:00:01]} 32. Bf1 {[%emt 0:00:02]} e5 {[%emt 0:00:02]} 33. Bxc4 {[%emt 0:00:01]} bxc4 {[%emt 0:00:01]} 34. Ra5+ {[%emt 0:00:02]} Kb8 {[%emt 0:00:01]} 35. Rxc4 {[%emt 0:00:01]} exd4 {[%emt 0:00:01]} 36. exd4 {[%emt 0:00:01]} e3 {[%emt 0:00:02]} 37. fxe3 {[%emt 0:00:01]} g5 {[%emt 0:00:00]} 38. Qg2 {[%emt 0:00:02]} Rh7 {[%emt 0:00:00]} 39. Qxb7+ {[%emt 0:00:01]} Kxb7 {[%emt 0:00:00]} 40. Rc7+ {[%emt 0:00:01] Time (Lag: Av=0.93s, max=5.0s) '} 1-0

[Event "Stay Safe Play From Home 248"]
[Site "Emanuel Lasker Arena"]
[Date "2020.06.23"]
[Round "3"]
[White "Trotsky"]
[Black "Fischer_11"]
[Result "0-1"]
[WhiteElo "1545"]
[BlackElo "2007"]
[Annotator "NA"]
[PlyCount "34"]
[EventDate "2020.06.23"]
[EventType "swiss (blitz)"]

1. d4 {[%emt 0:00:01]} Nf6 {[%emt 0:00:01]} 2. e3 {[%emt 0:00:00]} e6 {[%emt 0:00:00]} 3. c4 {[%emt 0:00:01]} d5 {[%emt 0:00:00]} 4. Nc3 {[%emt 0:00:01]} dxc4 {[%emt 0:00:00]} 5. Bxc4 {[%emt 0:00:01]} a6 {[%emt 0:00:00]} 6. Nf3 {[%emt 0:00:02]} b5 {[%emt 0:00:00]} 7. Bd3 {[%emt 0:00:01]} Bb7 {[%emt 0:00:00]} 8. e4 {[%emt 0:00:01]} Nbd7 {[%emt 0:00:00]} 9. Qc2 {[%emt 0:00:01]} c5 {[%emt 0:00:02]} 10. Be3 {[%emt 0:00:01]} Rc8 {[%emt 0:00:02]} 11. h4 {[%emt 0:00:02]} b4 {[%emt 0:00:01]} 12. Ne2 {[%emt 0:00:03]} cxd4 {[%emt 0:00:01]} 13. Qb1 {[%emt 0:00:06]} dxe3 {[%emt 0:00:01]} 14. fxe3 {[%emt 0:00:01]} Nc5 {[%emt 0:00:01]} 15. Bc2 {[%emt 0:00:02]} Bxe4 {[%emt 0:00:03]} 16. Bxe4 {[%emt 0:00:02]} Ncxe4 {[%emt 0:00:00]} 17. Qxe4 {[%emt 0:00:01]} Nxe4 {[%emt 0:00:01] Trotsky Ñäàåòñÿ (Lag: Av=0.22s, max=0.3s)} 0-1

[Event "Stay Safe Play From Home 248"]
[Site "Emanuel Lasker Arena"]
[Date "2020.06.23"]
[Round "4"]
[White "Scorpio New"]
[Black "Lazieri3"]
[Result "1/2-1/2"]
[WhiteElo "2165"]
[BlackElo "2147"]
[PlyCount "113"]
[EventDate "2020.06.23"]
[EventType "swiss (blitz)"]

1. d3 {[%emt 0:00:01]} c6 {[%emt 0:00:00]} 2. Nd2 {[%emt 0:00:00]} d5 {[%emt 0:00:01]} 3. c3 {[%emt 0:00:00]} Nf6 {[%emt 0:00:00]} 4. Qc2 {[%emt 0:00:00]} Bf5 {[%emt 0:00:01]} 5. e4 {[%emt 0:00:00]} dxe4 {[%emt 0:00:01]} 6. dxe4 {[%emt 0:00:00]} Bg6 {[%emt 0:00:01]} 7. Ngf3 {[%emt 0:00:00]} e6 {[%emt 0:00:01]} 8. Ne5 {[%emt 0:00:01]} Nbd7 {[%emt 0:00:01]} 9. Nxg6 {[%emt 0:00:01]} hxg6 {[%emt 0:00:00]} 10. Nf3 {[%emt 0:00:00]} Bc5 {[%emt 0:00:02]} 11. h3 {[%emt 0:00:01]} Qc7 {[%emt 0:00:02]} 12. b4 {[%emt 0:00:02]} Bb6 {[%emt 0:00:02]} 13. Qe2 {[%emt 0:00:00]} Ne5 {[%emt 0:00:02]} 14. Be3 {[%emt 0:00:02]} Nxf3+ {[%emt 0:00:01]} 15. Qxf3 {[%emt 0:00:02]} Bxe3 {[%emt 0:00:01]} 16. Qxe3 {[%emt 0:00:00]} Qb6 {[%emt 0:00:02]} 17. Qxb6 {[%emt 0:00:02]} axb6 {[%emt 0:00:00]} 18. a4 {[%emt 0:00:00]} Nxe4 {[%emt 0:00:02]} 19. c4 {[%emt 0:00:03]} Ke7 {[%emt 0:00:03]} 20. f3 {[%emt 0:00:01]} Ng3 {[%emt 0:00:01]} 21. Rg1 {[%emt 0:00:01]} Nxf1 {[%emt 0:00:01]} 22. Rxf1 {[%emt 0:00:00]} Rhd8 {[%emt 0:00:01]} 23. Ke2 {[%emt 0:00:01]} Rd4 {[%emt 0:00:01]} 24. Rfc1 {[%emt 0:00:02]} e5 {[%emt 0:00:02]} 25. a5 {[%emt 0:00:02]} bxa5 {[%emt 0:00:01]} 26. bxa5 {[%emt 0:00:00]} Ra6 {[%emt 0:00:02]} 27. Ke3 {[%emt 0:00:01]} g5 {[%emt 0:00:02]} 28. g3 {[%emt 0:00:01]} f6 {[%emt 0:00:01]} 29. h4 {[%emt 0:00:01]} gxh4 {[%emt 0:00:01]} 30. gxh4 {[%emt 0:00:00]} Rxh4 {[%emt 0:00:01]} 31. Rg1 {[%emt 0:00:01]} g5 {[%emt 0:00:01]} 32. Rgc1 {[%emt 0:00:01]} Rh3 {[%emt 0:00:03]} 33. Rf1 {[%emt 0:00:02]} g4 {[%emt 0:00:02]} 34. Ke4 {[%emt 0:00:01]} Rxf3 {[%emt 0:00:01]} 35. Rxf3 {[%emt 0:00:00]} gxf3 {[%emt 0:00:00]} 36. Kxf3 {[%emt 0:00:00]} Kd6 {[%emt 0:00:01]} 37. Ke4 {[%emt 0:00:00]} Kc5 {[%emt 0:00:01]} 38. Kd3 {[%emt 0:00:00]} f5 {[%emt 0:00:01]} 39. Kc3 {[%emt 0:00:04]} b6 {[%emt 0:00:02]} 40. Re1 {[%emt 0:00:02]} e4 {[%emt 0:00:01]} 41. axb6 {[%emt 0:00:01]} Rxb6 {[%emt 0:00:02]} 42. Rf1 {[%emt 0:00:00]} e3 {[%emt 0:00:03]} 43. Rxf5+ {[%emt 0:00:01]} Kd6 {[%emt 0:00:00]} 44. Rf1 {[%emt 0:00:01]} Ra6 {[%emt 0:00:02]} 45. Re1 {[%emt 0:00:00]} Ra3+ {[%emt 0:00:01]} 46. Kb2 {[%emt 0:00:00]} Rd3 {[%emt 0:00:00]} 47. Kc2 {[%emt 0:00:01]} Ra3 {[%emt 0:00:01]} 48. Kb2 {[%emt 0:00:01]} Rd3 {[%emt 0:00:00]} 49. Re2 {[%emt 0:00:01]} Rd2+ {[%emt 0:00:01]} 50. Rxd2+ {[%emt 0:00:00]} exd2 {[%emt 0:00:00]} 51. Kc2 {[%emt 0:00:00]} Kc5 {[%emt 0:00:00]} 52. Kxd2 {[%emt 0:00:00]} Kxc4 {[%emt 0:00:00]} 53. Kc2 {[%emt 0:00:00]} c5 {[%emt 0:00:00]} 54. Kc1 {[%emt 0:00:00]} Kb3 {[%emt 0:00:00]} 55. Kb1 {[%emt 0:00:01]} Kc3 {[%emt 0:00:00]} 56. Kc1 {[%emt 0:00:00]} c4 {[%emt 0:00:00]} 57. Kd1 {[%emt 0:00:01] ' (Lag: Av=0.45s, max=0.7s)} 1/2-1/2

[Event "Stay Safe Play From Home 248"]
[Site "Emanuel Lasker Arena"]
[Date "2020.06.23"]
[Round "4"]
[White "SoulofWolf"]
[Black "Fischer_11"]
[Result "1-0"]
[WhiteElo "2161"]
[BlackElo "2009"]
[Annotator "NA"]
[PlyCount "91"]
[EventDate "2020.06.23"]
[EventType "swiss (blitz)"]

1. d4 {[%emt 0:00:00]} e5 {[%emt 0:00:01]} 2. Nf3 {[%emt 0:00:00]} exd4 {[%emt 0:00:01]} 3. Nxd4 {[%emt 0:00:01]} c5 {[%emt 0:00:01]} 4. Nf3 {[%emt 0:00:00]} d5 {[%emt 0:00:00]} 5. c4 {[%emt 0:00:00]} d4 {[%emt 0:00:01]} 6. e3 {[%emt 0:00:00]} dxe3 {[%emt 0:00:01]} 7. Qxd8+ {[%emt 0:00:01]} Kxd8 {[%emt 0:00:00]} 8. Bxe3 {[%emt 0:00:00]} Nc6 {[%emt 0:00:01]} 9. Nc3 {[%emt 0:00:00]} a6 {[%emt 0:00:01]} 10. O-O-O+ {[%emt 0:00:00]} Kc7 {[%emt 0:00:01]} 11. Nd5+ {[%emt 0:00:00]} Kb8 {[%emt 0:00:01]} 12. Bf4+ {[%emt 0:00:00]} Ka7 {[%emt 0:00:01]} 13. Bc7 {[%emt 0:00:06]} Bg4 {[%emt 0:00:04]} 14. Be2 {[%emt 0:00:01]} Rc8 {[%emt 0:00:02]} 15. Bb6+ {[%emt 0:00:01]} Kb8 {[%emt 0:00:01]} 16. h3 {[%emt 0:00:02]} Bh5 {[%emt 0:00:01]} 17. g4 {[%emt 0:00:02]} Bg6 {[%emt 0:00:01]} 18. h4 {[%emt 0:00:01]} Nf6 {[%emt 0:00:02]} 19. h5 {[%emt 0:00:02]} Be4 {[%emt 0:00:01]} 20. Rhe1 {[%emt 0:00:09]} Bxf3 {[%emt 0:00:04]} 21. Bxf3 {[%emt 0:00:00]} Nd4 {[%emt 0:00:01]} 22. Bg2 {[%emt 0:00:02]} Bd6 {[%emt 0:00:03]} 23. g5 {[%emt 0:00:01]} Nd7 {[%emt 0:00:03]} 24. Ba5 {[%emt 0:00:03]} b6 {[%emt 0:00:02]} 25. Bc3 {[%emt 0:00:01]} Nc6 {[%emt 0:00:02]} 26. a3 {[%emt 0:00:01]} Nde5 {[%emt 0:00:01]} 27. Nf4 {[%emt 0:00:01]} Nxc4 {[%emt 0:00:02]} 28. b3 {[%emt 0:00:01]} Bxf4+ {[%emt 0:00:01]} 29. Kc2 {[%emt 0:00:01]} Nxa3+ {[%emt 0:00:01]} 30. Kb2 {[%emt 0:00:01]} Nb5 {[%emt 0:00:00]} 31. Re4 {[%emt 0:00:01]} Bxg5 {[%emt 0:00:01]} 32. Rg4 {[%emt 0:00:01]} Bf6 {[%emt 0:00:02]} 33. Bxf6 {[%emt 0:00:01]} gxf6 {[%emt 0:00:00]} 34. Rg7 {[%emt 0:00:01]} Rcd8 {[%emt 0:00:01]} 35. Re1 {[%emt 0:00:01]} Rd7 {[%emt 0:00:03]} 36. Bxc6 {[%emt 0:00:01]} Kc7 {[%emt 0:00:02]} 37. Bxd7 {[%emt 0:00:01]} Kxd7 {[%emt 0:00:00]} 38. Rxf7+ {[%emt 0:00:00]} Kd6 {[%emt 0:00:01]} 39. Rxf6+ {[%emt 0:00:01]} Kd5 {[%emt 0:00:01]} 40. Rf5+ {[%emt 0:00:01]} Kc6 {[%emt 0:00:01]} 41. Rf6+ {[%emt 0:00:01]} Kc7 {[%emt 0:00:01]} 42. Re7+ {[%emt 0:00:01]} Kd8 {[%emt 0:00:01]} 43. Rff7 {[%emt 0:00:00]} Nd6 {[%emt 0:00:01]} 44. Ra7 {[%emt 0:00:01]} Ke8 {[%emt 0:00:00]} 45. Rfc7 {[%emt 0:00:02]} Rf8 {[%emt 0:00:02]} 46. Ra8+ {[%emt 0:00:01] Zeit (Lag: Av=0.30s, max=0.5s)} 1-0

[Event "Stay Safe Play From Home 248"]
[Site "Emanuel Lasker Arena"]
[Date "2020.06.23"]
[Round "4"]
[White "Don59as"]
[Black "Mepe_Nika"]
[Result "1/2-1/2"]
[WhiteElo "2072"]
[BlackElo "2396"]
[Annotator "NA"]
[PlyCount "95"]
[EventDate "2020.06.23"]
[EventType "swiss (blitz)"]

1. c4 {[%emt 0:00:01]} c6 {[%emt 0:00:00]} 2. e4 {[%emt 0:00:01]} d5 {[%emt 0:00:00]} 3. cxd5 {[%emt 0:00:00]} cxd5 {[%emt 0:00:00]} 4. e5 {[%emt 0:00:00]} Nc6 {[%emt 0:00:02]} 5. Nf3 {[%emt 0:00:00]} Bg4 {[%emt 0:00:01]} 6. Bb5 {[%emt 0:00:01]} e6 {[%emt 0:00:01]} 7. Qa4 {[%emt 0:00:01]} Bxf3 {[%emt 0:00:03]} 8. Bxc6+ {[%emt 0:00:01]} bxc6 {[%emt 0:00:01]} 9. Qxc6+ {[%emt 0:00:01]} Ke7 {[%emt 0:00:01]} 10. b3 {[%emt 0:00:01]} f6 {[%emt 0:00:06]} 11. exf6+ {[%emt 0:00:02]} Kxf6 {[%emt 0:00:04]} 12. gxf3 {[%emt 0:00:01]} Rc8 {[%emt 0:00:02]} 13. Bb2+ {[%emt 0:00:01]} Kf7 {[%emt 0:00:01]} 14. Qb7+ {[%emt 0:00:03]} Qc7 {[%emt 0:00:03]} 15. Qxc7+ {[%emt 0:00:01]} Rxc7 {[%emt 0:00:00]} 16. Nc3 {[%emt 0:00:02]} Nf6 {[%emt 0:00:01]} 17. O-O {[%emt 0:00:01]} Bc5 {[%emt 0:00:01]} 18. Na4 {[%emt 0:00:03]} Bb6 {[%emt 0:00:01]} 19. d4 {[%emt 0:00:01]} Rc2 {[%emt 0:00:01]} 20. Rac1 {[%emt 0:00:01]} Rhc8 {[%emt 0:00:01]} 21. Rxc2 {[%emt 0:00:00]} Rxc2 {[%emt 0:00:00]} 22. Rc1 {[%emt 0:00:02]} Rxc1+ {[%emt 0:00:01]} 23. Bxc1 {[%emt 0:00:00]} Bxd4 {[%emt 0:00:01]} 24. Kf1 {[%emt 0:00:01]} Be5 {[%emt 0:00:01]} 25. h3 {[%emt 0:00:01]} Nd7 {[%emt 0:00:01]} 26. f4 {[%emt 0:00:04]} Bd4 {[%emt 0:00:01]} 27. Be3 {[%emt 0:00:01]} Bxe3 {[%emt 0:00:02]} 28. fxe3 {[%emt 0:00:00]} e5 {[%emt 0:00:01]} 29. Ke2 {[%emt 0:00:01]} Ke6 {[%emt 0:00:02]} 30. Kd3 {[%emt 0:00:03]} Kd6 {[%emt 0:00:03]} 31. b4 {[%emt 0:00:03]} exf4 {[%emt 0:00:01]} 32. exf4 {[%emt 0:00:01]} g6 {[%emt 0:00:00]} 33. a3 {[%emt 0:00:01]} Nf6 {[%emt 0:00:00]} 34. Nc3 {[%emt 0:00:03]} Nh5 {[%emt 0:00:02]} 35. Nb5+ {[%emt 0:00:01]} Kd7 {[%emt 0:00:02]} 36. Nxa7 {[%emt 0:00:01]} Nxf4+ {[%emt 0:00:01]} 37. Kd4 {[%emt 0:00:00]} Nxh3 {[%emt 0:00:01]} 38. Kxd5 {[%emt 0:00:01]} g5 {[%emt 0:00:00]} 39. b5 {[%emt 0:00:01]} g4 {[%emt 0:00:00]} 40. Ke4 {[%emt 0:00:01]} Ng5+ {[%emt 0:00:02]} 41. Kf4 {[%emt 0:00:02]} Ne6+ {[%emt 0:00:00]} 42. Kxg4 {[%emt 0:00:01]} Nd4 {[%emt 0:00:00]} 43. Kh5 {[%emt 0:00:01]} Kc7 {[%emt 0:00:02]} 44. a4 {[%emt 0:00:02]} Kb6 {[%emt 0:00:01]} 45. Nc8+ {[%emt 0:00:01]} Kc7 {[%emt 0:00:00]} 46. Na7 {[%emt 0:00:01]} Kb6 {[%emt 0:00:01]} 47. Nc8+ {[%emt 0:00:01]} Kc7 {[%emt 0:00:00]} 48. Na7 {[%emt 0:00:00] (Lag: Av=0.48s, max=0.7s)} 1/2-1/2

[Event "Stay Safe Play From Home 248"]
[Site "Emanuel Lasker Arena"]
[Date "2020.06.23"]
[Round "4"]
[White "Bardellosport"]
[Black "Grazie"]
[Result "1-0"]
[WhiteElo "1971"]
[BlackElo "1836"]
[PlyCount "119"]
[EventDate "2020.06.23"]
[EventType "swiss (blitz)"]

1. d4 {[%emt 0:00:04]} e6 {[%emt 0:00:00]} 2. e3 {[%emt 0:00:00]} d5 {[%emt 0:00:01]} 3. f4 {[%emt 0:00:00]} Nf6 {[%emt 0:00:00]} 4. Nf3 {[%emt 0:00:00]} Be7 {[%emt 0:00:00]} 5. Bd3 {[%emt 0:00:00]} a6 {[%emt 0:00:00]} 6. Ne5 {[%emt 0:00:00]} Nbd7 {[%emt 0:00:00]} 7. c3 {[%emt 0:00:00]} c5 {[%emt 0:00:02]} 8. O-O {[%emt 0:00:01]} Qb6 {[%emt 0:00:00]} 9. Nd2 {[%emt 0:00:01]} Qc7 {[%emt 0:00:01]} 10. Qf3 {[%emt 0:00:01]} b5 {[%emt 0:00:01]} 11. g4 {[%emt 0:00:01]} Bb7 {[%emt 0:00:01]} 12. g5 {[%emt 0:00:00]} Ng8 {[%emt 0:00:01]} 13. Qh3 {[%emt 0:00:01]} g6 {[%emt 0:00:01]} 14. Ndf3 {[%emt 0:00:01]} cxd4 {[%emt 0:00:02]} 15. exd4 {[%emt 0:00:01]} Rc8 {[%emt 0:00:02]} 16. Qg4 {[%emt 0:00:01]} Qb6 {[%emt 0:00:01]} 17. h4 {[%emt 0:00:01]} Bd6 {[%emt 0:00:01]} 18. h5 {[%emt 0:00:01]} Ne7 {[%emt 0:00:02]} 19. hxg6 {[%emt 0:00:01]} hxg6 {[%emt 0:00:01]} 20. Be3 {[%emt 0:00:01]} Nxe5 {[%emt 0:00:04]} 21. fxe5 {[%emt 0:00:01]} Bb8 {[%emt 0:00:02]} 22. Rf2 {[%emt 0:00:01]} Nf5 {[%emt 0:00:01]} 23. Bxf5 {[%emt 0:00:02]} exf5 {[%emt 0:00:01]} 24. Qf4 {[%emt 0:00:00]} Rh5 {[%emt 0:00:03]} 25. Re1 {[%emt 0:00:01]} Qd8 {[%emt 0:00:01]} 26. Rh2 {[%emt 0:00:01]} Rxh2 {[%emt 0:00:02]} 27. Qxh2 {[%emt 0:00:01]} Ke7 {[%emt 0:00:01]} 28. Qh7 {[%emt 0:00:01]} Qh8 {[%emt 0:00:01]} 29. Qxh8 {[%emt 0:00:02]} Rxh8 {[%emt 0:00:01]} 30. Bf2 {[%emt 0:00:01]} a5 {[%emt 0:00:04]} 31. Bg3 {[%emt 0:00:01]} b4 {[%emt 0:00:01]} 32. Rc1 {[%emt 0:00:01]} bxc3 {[%emt 0:00:03]} 33. bxc3 {[%emt 0:00:01]} Ba6 {[%emt 0:00:01]} 34. Nd2 {[%emt 0:00:02]} Bc7 {[%emt 0:00:02]} 35. Rb1 {[%emt 0:00:02]} Rb8 {[%emt 0:00:01]} 36. Rxb8 {[%emt 0:00:02]} Bxb8 {[%emt 0:00:01]} 37. Kf2 {[%emt 0:00:00]} Ke6 {[%emt 0:00:01]} 38. Ke3 {[%emt 0:00:00]} Ba7 {[%emt 0:00:01]} 39. Nb3 {[%emt 0:00:00]} Bc4 {[%emt 0:00:01]} 40. Nc5+ {[%emt 0:00:01]} Bxc5 {[%emt 0:00:01]} 41. dxc5 {[%emt 0:00:00]} Bxa2 {[%emt 0:00:01]} 42. Kd4 {[%emt 0:00:01]} Bc4 {[%emt 0:00:01]} 43. Be1 {[%emt 0:00:01]} a4 {[%emt 0:00:01]} 44. Bd2 {[%emt 0:00:00]} a3 {[%emt 0:00:01]} 45. Bc1 {[%emt 0:00:00]} a2 {[%emt 0:00:00]} 46. Bb2 {[%emt 0:00:00]} Kd7 {[%emt 0:00:01]} 47. e6+ {[%emt 0:00:01]} Kxe6 {[%emt 0:00:02]} 48. c6 {[%emt 0:00:01]} Kd6 {[%emt 0:00:00]} 49. c7 {[%emt 0:00:02]} Kxc7 {[%emt 0:00:00]} 50. Ke5 {[%emt 0:00:00]} Kd7 {[%emt 0:00:01]} 51. Kf6 {[%emt 0:00:00]} f4 {[%emt 0:00:00]} 52. Ke5 {[%emt 0:00:00]} f3 {[%emt 0:00:00]} 53. Bc1 {[%emt 0:00:01]} f2 {[%emt 0:00:00]} 54. Be3 {[%emt 0:00:00]} f1=Q {[%emt 0:00:01]} 55. Bb6 {[%emt 0:00:00]} Qe2+ {[%emt 0:00:00]} 56. Kf6 {[%emt 0:00:00]} Qe6+ {[%emt 0:00:01]} 57. Kg7 {[%emt 0:00:00]} Qxb6 {[%emt 0:00:01]} 58. Kg8 {[%emt 0:00:01]} Qe6 {[%emt 0:00:00]} 59. Kg7 {[%emt 0:00:00]} Qf5 {[%emt 0:00:00]} 60. Kh6 {[%emt 0:00:00] (Lag: Av=0.33s, max=0.5s)} 1-0

[Event "Stay Safe Play From Home 248"]
[Site "Emanuel Lasker Arena"]
[Date "2020.06.23"]
[Round "4"]
[White "Haxhi Baha"]
[Black "Dave_H"]
[Result "1-0"]
[WhiteElo "1945"]
[BlackElo "1781"]
[PlyCount "51"]
[EventDate "2020.06.23"]
[EventType "swiss (blitz)"]
[BlackTeam "SK Vellmar"]

{- Halt, David (2088)} 1. e4 {[%emt 0:00:01]} e5 {[%emt 0:00:02]} 2. f4 {[%emt 0:00:01]} exf4 {[%emt 0:00:02]} 3. Bc4 {[%emt 0:00:01]} g5 {[%emt 0:00:01]} 4. Nf3 {[%emt 0:00:01]} h6 {[%emt 0:00:02]} 5. d4 {[%emt 0:00:01]} d6 {[%emt 0:00:03]} 6. c3 {[%emt 0:00:01]} Nc6 {[%emt 0:00:02]} 7. O-O {[%emt 0:00:02]} Bg7 {[%emt 0:00:01]} 8. b4 {[%emt 0:00:01]} Nge7 {[%emt 0:00:02]} 9. Qb3 {[%emt 0:00:01]} O-O {[%emt 0:00:03]} 10. h4 {[%emt 0:00:01]} Ng6 {[%emt 0:00:04]} 11. hxg5 {[%emt 0:00:02]} hxg5 {[%emt 0:00:02]} 12. g3 {[%emt 0:00:01]} Bh3 {[%emt 0:00:05]} 13. Re1 {[%emt 0:00:01]} g4 {[%emt 0:00:05]} 14. Nh2 {[%emt 0:00:03]} fxg3 {[%emt 0:00:01]} 15. Nf1 {[%emt 0:00:01]} Bxf1 {[%emt 0:00:03]} 16. Rxf1 {[%emt 0:00:00]} Qh4 {[%emt 0:00:05]} 17. Qc2 {[%emt 0:00:01]} Nxd4 {[%emt 0:00:04]} 18. Qg2 {[%emt 0:00:05]} Nf3+ {[%emt 0:00:02]} 19. Rxf3 {[%emt 0:00:02]} gxf3 {[%emt 0:00:01]} 20. Qxf3 {[%emt 0:00:04]} Qh2+ {[%emt 0:00:01]} 21. Kf1 {[%emt 0:00:01]} Nh4 {[%emt 0:00:02]} 22. Qxg3 {[%emt 0:00:08]} Qxg3 {[%emt 0:00:02]} 23. Ke2 {[%emt 0:00:00]} Qg2+ {[%emt 0:00:02]} 24. Kd1 {[%emt 0:00:02]} Nf3 {[%emt 0:00:00]} 25. Be2 {[%emt 0:00:02]} Qf1+ {[%emt 0:00:00]} 26. Bxf1 {[%emt 0:00:01] Zeit ' (Lag: Av=0.51s, max=0.7s)} 1-0

[Event "Stay Safe Play From Home 248"]
[Site "Emanuel Lasker Arena"]
[Date "2020.06.23"]
[Round "4"]
[White "SecantFX"]
[Black "Trotsky"]
[Result "1-0"]
[WhiteElo "1884"]
[BlackElo "1543"]
[Annotator "NA"]
[PlyCount "67"]
[EventDate "2020.06.23"]
[EventType "swiss (blitz)"]

1. g3 {[%emt 0:00:01]} d5 {[%emt 0:00:02]} 2. Bg2 {[%emt 0:00:00]} e6 {[%emt 0:00:01]} 3. f4 {[%emt 0:00:00]} c5 {[%emt 0:00:01]} 4. Nf3 {[%emt 0:00:00]} Nc6 {[%emt 0:00:01]} 5. e3 {[%emt 0:00:00]} Bd6 {[%emt 0:00:01]} 6. c3 {[%emt 0:00:00]} Qc7 {[%emt 0:00:01]} 7. O-O {[%emt 0:00:00]} Nf6 {[%emt 0:00:01]} 8. d4 {[%emt 0:00:00]} Bd7 {[%emt 0:00:01]} 9. Nbd2 {[%emt 0:00:01]} c4 {[%emt 0:00:01]} 10. Ne5 {[%emt 0:00:01]} Nxe5 {[%emt 0:00:02]} 11. fxe5 {[%emt 0:00:00]} Bxe5 {[%emt 0:00:01]} 12. dxe5 {[%emt 0:00:00]} Qxe5 {[%emt 0:00:01]} 13. Nf3 {[%emt 0:00:00]} Qd6 {[%emt 0:00:01]} 14. Re1 {[%emt 0:00:01]} O-O-O {[%emt 0:00:01]} 15. e4 {[%emt 0:00:00]} Ng4 {[%emt 0:00:01]} 16. h3 {[%emt 0:00:02]} Qc5+ {[%emt 0:00:02]} 17. Nd4 {[%emt 0:00:02]} Qd6 {[%emt 0:00:03]} 18. hxg4 {[%emt 0:00:01]} Qxg3 {[%emt 0:00:01]} 19. exd5 {[%emt 0:00:02]} h5 {[%emt 0:00:01]} 20. dxe6 {[%emt 0:00:04]} Bc6 {[%emt 0:00:02]} 21. Qe2 {[%emt 0:00:02]} h4 {[%emt 0:00:04]} 22. Nxc6 {[%emt 0:00:01]} bxc6 {[%emt 0:00:03]} 23. exf7 {[%emt 0:00:00]} h3 {[%emt 0:00:02]} 24. Qe6+ {[%emt 0:00:03]} Kb7 {[%emt 0:00:04]} 25. Qe7+ {[%emt 0:00:05]} Kb6 {[%emt 0:00:06]} 26. Be3+ {[%emt 0:00:01]} Ka6 {[%emt 0:00:02]} 27. Qe4 {[%emt 0:00:09]} Qxg2+ {[%emt 0:00:06]} 28. Qxg2 {[%emt 0:00:01]} hxg2 {[%emt 0:00:01]} 29. Kxg2 {[%emt 0:00:00]} Rdf8 {[%emt 0:00:05]} 30. Bc5 {[%emt 0:00:01]} Rxf7 {[%emt 0:00:01]} 31. Re6 {[%emt 0:00:01]} g6 {[%emt 0:00:01]} 32. Rxc6+ {[%emt 0:00:01]} Kb5 {[%emt 0:00:01]} 33. Rxg6 {[%emt 0:00:01]} Rg7 {[%emt 0:00:01]} 34. Rxg7 {[%emt 0:00:01] Trotsky Ñäàåòñÿ (Lag: Av=0.37s, max=1.2s)} 1-0

[Event "Stay Safe Play From Home 248"]
[Site "Emanuel Lasker Arena"]
[Date "2020.06.23"]
[Round "4"]
[White "Germanicus G"]
[Black "Buzaglo"]
[Result "0-1"]
[WhiteElo "1283"]
[BlackElo "1898"]
[Annotator "NA"]
[PlyCount "94"]
[EventDate "2020.06.23"]
[EventType "swiss (blitz)"]

1. g3 {[%emt 0:00:02]} e6 {[%emt 0:00:00]} 2. Bg2 {[%emt 0:00:00]} d5 {[%emt 0:00:00]} 3. Nf3 {[%emt 0:00:01]} Nf6 {[%emt 0:00:00]} 4. e3 {[%emt 0:00:00]} c5 {[%emt 0:00:00]} 5. d3 {[%emt 0:00:00]} Nc6 {[%emt 0:00:00]} 6. d4 {[%emt 0:00:00]} Bd6 {[%emt 0:00:01]} 7. dxc5 {[%emt 0:00:01]} Bxc5 {[%emt 0:00:00]} 8. O-O {[%emt 0:00:01]} O-O {[%emt 0:00:01]} 9. b3 {[%emt 0:00:00]} Bd6 {[%emt 0:00:01]} 10. Bb2 {[%emt 0:00:00]} e5 {[%emt 0:00:00]} 11. Nbd2 {[%emt 0:00:02]} Be6 {[%emt 0:00:00]} 12. c4 {[%emt 0:00:02]} dxc4 {[%emt 0:00:01]} 13. Nxc4 {[%emt 0:00:01]} Bc7 {[%emt 0:00:01]} 14. Ncxe5 {[%emt 0:00:02]} Bxe5 {[%emt 0:00:01]} 15. Nxe5 {[%emt 0:00:01]} Nxe5 {[%emt 0:00:01]} 16. Bxe5 {[%emt 0:00:01]} Qb6 {[%emt 0:00:02]} 17. Bxf6 {[%emt 0:00:01]} gxf6 {[%emt 0:00:01]} 18. Qf3 {[%emt 0:00:01]} f5 {[%emt 0:00:01]} 19. Qxb7 {[%emt 0:00:02]} Qd6 {[%emt 0:00:02]} 20. Qxa8 {[%emt 0:00:04]} Rxa8 {[%emt 0:00:02]} 21. Bxa8 {[%emt 0:00:00]} Qb8 {[%emt 0:00:02]} 22. Bg2 {[%emt 0:00:00]} Qb4 {[%emt 0:00:02]} 23. Rac1 {[%emt 0:00:02]} Qd2 {[%emt 0:00:02]} 24. Ra1 {[%emt 0:00:02]} Kg7 {[%emt 0:00:03]} 25. h4 {[%emt 0:00:00]} h5 {[%emt 0:00:00]} 26. Rfd1 {[%emt 0:00:01]} Qe2 {[%emt 0:00:01]} 27. Rd4 {[%emt 0:00:02]} Qb5 {[%emt 0:00:02]} 28. Ra4 {[%emt 0:00:02]} Qe5 {[%emt 0:00:00]} 29. Re1 {[%emt 0:00:02]} Qc5 {[%emt 0:00:01]} 30. Rf4 {[%emt 0:00:03]} Qc3 {[%emt 0:00:01]} 31. Rf1 {[%emt 0:00:03]} a5 {[%emt 0:00:01]} 32. e4 {[%emt 0:00:02]} Qe5 {[%emt 0:00:03]} 33. exf5 {[%emt 0:00:01]} Bxf5 {[%emt 0:00:00]} 34. Bf3 {[%emt 0:00:02]} Bg6 {[%emt 0:00:02]} 35. Kg2 {[%emt 0:00:01]} Qb2 {[%emt 0:00:02]} 36. Rd1 {[%emt 0:00:01]} Qxa2 {[%emt 0:00:01]} 37. Ra4 {[%emt 0:00:02]} Qxb3 {[%emt 0:00:01]} 38. Rda1 {[%emt 0:00:01]} Qe6 {[%emt 0:00:03]} 39. Rxa5 {[%emt 0:00:00]} Be4 {[%emt 0:00:01]} 40. Bxe4 {[%emt 0:00:02]} Qxe4+ {[%emt 0:00:00]} 41. Kg1 {[%emt 0:00:01]} Qc2 {[%emt 0:00:01]} 42. Rg5+ {[%emt 0:00:01]} Kf6 {[%emt 0:00:01]} 43. Rf1 {[%emt 0:00:01]} Qe2 {[%emt 0:00:03]} 44. Kg2 {[%emt 0:00:02]} Qe4+ {[%emt 0:00:01]} 45. f3 {[%emt 0:00:01]} Qe2+ {[%emt 0:00:01]} 46. Rf2 {[%emt 0:00:00]} Qe1 {[%emt 0:00:01]} 47. Rxh5 {[%emt 0:00:01]} Kg6 {[%emt 0:00:01]} 0-1